Economía y política agraria / W. Wygodzinski ; anotada por A. Skalweit ; traducida por Manuel Pedroso ; con notas relativas a España por Rafael Luengo Tapia
Descripción Física:
229 p. ; 19 cm
Materias:
Agricultura -- Aspectes econòmics
MARC
| LEADER | 00000nam a2200000Ia 4500 | ||
|---|---|---|---|
| 001 | 1017 | ||
| 008 | 160829s1930 xx 000 0 cat d | ||
| 080 | |a M-2-333 | ||
| 100 | |a Wygodzinski, W. |9 35736 | ||
| 245 | |a Economía y política agraria / W. Wygodzinski ; anotada por A. Skalweit ; traducida por Manuel Pedroso ; con notas relativas a España por Rafael Luengo Tapia | ||
| 260 | |a Barcelona : |b Labor, |c 1930 | ||
| 300 | |a 229 p. ; |c 19 cm | ||
| 490 | |a Colección Labor : Biblioteca de iniciación cultural : Sección X : Economía ; 232 | ||
| 650 | |a Agricultura |x Aspectes econòmics |9 24209 | ||
| 700 | |a Skalweit, A. |9 35737 | ||
| 700 | |a Pedroso, Manuel, tr. |9 35738 | ||
| 700 | |a Luengo Tapia, Rafael |9 35739 | ||
| 901 | |a Arxiu | ||
| 942 | |n 1 | ||
| 952 | |0 0 |1 0 |4 0 |6 M2333 |7 1 |9 47045 |a Arxiu |b Arxiu |d 2016-12-01 |l 0 |o M-2-333 |p 1017 |r 2016-12-01 00:00:00 |w 2016-12-01 |y ARXIU | ||
| 999 | |c 50838 |d 50838 | ||